LEADER 01736nam a2200349 u 4500 001 000000001575 003 CaOOAMICUS 005 20101019173919.0 008 941103s1973 fr u000 u fre u 035 $a10037935 040 $aEFR$bita$dPUL(R) 041 1 $afre$agrc 082 04$a880 100 0 $aAristoteles,$d384-322 a.C.$0(OLS)http://pul/name/792 240 10$aDe animalium incessu$9(Aristoteles, 384-322 a.C.).$lFrancese e greco.$0(OLS)http://pul/title/2381 245 10$aMarche des animaux ; :$bmouvement des animaux ; index des traités biologiques /$cTexte établi et traduit par Pierre Louis. 260 $aParis :$bSociété d'édition "Les Belles Lettres",$c1973. 300 $axx, 170 p., 2 f. ;$c20 cm 490 1 $aCollection des universités de France 500 $aTesto greco e trd. francese a fronte con la stessa numerazione di p. 700 02$aAristoteles,$d384-322 a.C.$tDe motu animalium$9(Aristoteles, 384-322 a.C.)$lFrancese e greco.$0(OLS)http://pul/name/1756 700 1 $aLouis, Pierre,$d1913-$0(OLS)http://pul/name/1755 830 0$aCollection des universités de France.$0(OLS)http://pul/title/1172 850 $aPUL 852 $aPUL$W1$xSL Cons. Gen., Altre Classi 3$y75$m880 COLL 3.ARI.6$j2082$nBK-PRI$qDDC 21$B2082$CPULBib$Z2$F2082 $H74897 $82 900 $aAristotle,$d 384-322 a.C.$9792 900 $aAristotele,$d384-322 a.C.$9792 941 1 $a9 996 $6082$a880$9(OLS)http://pul/classification/674 996 $6245$aMarche des animaux ; :$bmouvement des animaux ; index des traités biologiques$9(OLS)http://pul/title/2382 996 $6260$aParis :$bSociété d'édition "Les Belles Lettres"$9(OLS)http://pul/publisher/48832 LEADER 01554nam a2200337 u 4500 001 000000049283 003 CaOOAMICUS 005 20070226115108.0 008 000623q1985 miu u000 u eng u 035 $a10850894 040 $aPUL(R)$bita 100 1 $aKeil, C.F.$0(OLS)http://pul/name/35656 245 10$aCommentary on the Old Testament in ten volumes.$nVolume VI,$pProverbs, Ecclesiastes, Song of Solomon /$cby C.F. Keil and F. Delitzsch. 246 33$aProverbs 246 33$aEcclesiastes 246 33$aSong of Solomon 260 $aGrand Rapids, Michigan :$bEerdmans,$c1985?. 300 $a3 v. in 1 ;$c22 cm 630 04$aBiblia.$pV.T.$pProverbia$xCommenti.$0(OLS)http://pul/subject/634 630 04$aBiblia.$pV.T.$pQohlet$xCommenti.$0(OLS)http://pul/subject/37775 700 1 $aDelitzch. F.$0(OLS)http://pul/name/35657 730 02$aBiblia.$pV.T.$pProverbia.$lInglese.$0(OLS)http://pul/title/66464 850 $aPUL 852 $aPUL$W1$xDP1 Fondo Ciprotti$y59$m1532 B 6$j65512$nBK-PRI$b $qFondi$B65512$CPULBib$Z2$F65512 $H $81 941 1 $a1 961 $aINV: 0037. Fondo Ciprotti 996 $6245$aCommentary on the Old Testament in ten volumes.$nVolume VI,$pProverbs, Ecclesiastes, Song of Solomon$9(OLS)http://pul/title/66461 996 $6246$aProverbs$9(OLS)http://pul/title/66462 996 $6246$aEcclesiastes$9(OLS)http://pul/title/40138 996 $6246$aSong of Solomon$9(OLS)http://pul/title/66463 996 $6260$aGrand Rapids, Michigan :$bEerdmans$9(OLS)http://pul/publisher/67282 LEADER 01725nam a2200421 a 4500 001 000000076254 003 CaOOAMICUS 005 20130614142745.0 008 031117m19911992fr u000 u fre r 020 $a2020191180 020 $a2-02-013668-6 (v. 1) 035 $a10976483 040 $aPUL$bita 100 1 $aRicoeur, Paul,$d1913-2005.$0(OLS)http://pul/name/31003 245 10$aLectures /$cPaul Ricoeur. 260 $aParis :$bÉditions du Seuil,$c1991-1992. 300 $a2 v. ;$c21 cm 490 1 $aLa couleur des idées 500 $aBibliografia in nota. 505 0 $aV. 1. Autour du politique. -- v. 2. La contrée des philosophes. 650 4$aFilosofia.$0(OLS)http://pul/subject/362 650 4$aEsistenzialismo.$0(OLS)http://pul/subject/1923 740 32$aLa contrée des philosophes. 740 02$aAutour du politique. 830 3$aLa couleur des idées.$0(OLS)http://pul/title/100019 850 $aPUL 852 $aPUL$W1$xSL Filosofia 1$y2$m91 L 24.2$j97993$nBK-PRI$b $qStampati$B97993$CPULBib$Z2$F97993 $H90238 $81 852 $aPUL$W1$xDP1 Fondo E. Rossi$y115$m1 R 30$j154574$av. 1$qFondi$B154122$CPULBib$Z2$F154122 $82 941 1 $a8 941 1 $a1 961 $aSul dorso collocazione ms. di E. Rossi: R 8 996 $6020$a2020191180$9(OLS)http://pul/number/99924 996 $6020$a2-02-013668-6 (v. 1)$9(OLS)http://pul/number/153069 996 $6245$aLectures$9(OLS)http://pul/title/101975 996 $6740$aLa contrée des philosophes$9(OLS)http://pul/title/169992 996 $6740$aAutour du politique$9(OLS)http://pul/title/169993 996 $6260$aParis :$bÉditions du Seuil$9(OLS)http://pul/publisher/54032 LEADER 01757nam a2200349 u 4500 001 000000012852 003 CaOOAMICUS 005 20070226105603.0 008 940517s1947 it u000 u ita u 035 $a10308321 040 $aPUL$bita 245 03$aLa Bibbia e il concilio di Trento :$bconferenze tenute al Pontificio Istituto Biblico nel quarto centenario del concilio di Trento. 260 $aRoma :$bPont. Istituto Biblico,$c1947. 300 $aiv, 86 p. ;$c24 cm 490 1 $aScripta Pontificii Instituti Biblici 500 $aIl compl. del tit. in cop.: Conferenze commemorative. 500 $aComprende indici. 500 $aPubblicato anche in: Biblica, t. 27, 1946, pp. 301-375 e 404-411. 611 24$aConcilium Tridentinum$d(1545-1563).$0(OLS)http://pul/subject/698 630 04$aBiblia$xIndirizzi, saggi, letture.$0(OLS)http://pul/subject/5014 710 2 $aPontificio istituto biblico.$0(OLS)http://pul/name/471 830 0$aScripta Pontificii Instituti Biblici.$0(OLS)http://pul/title/1638 850 $aPUL 852 $aPUL$W1$xSL Religione 1$y3$m30 F 25$j18119$nBK-PRI$b $qStampati$B18119$CPULBib$Z2$F18119 $H $81 852 $aPUL$W1$xSL Religione 1$y3$m30 F 28$j18120$nBK-PRI$b $qStampati$B18120$CPULBib$Z2$F18120 $H $81 910 $aPontificium institutm biblicum$9471 941 1 $a8 960 $aConcilio di Trento$d(1545-1563)$9698 961 $aINV: 32375 961 $aINV: 71049 996 $6245$aLa Bibbia e il concilio di Trento :$bconferenze tenute al Pontificio Istituto Biblico nel quarto centenario del concilio di Trento$9(OLS)http://pul/title/18591 996 $6260$aRoma :$bPont. Istituto Biblico$9(OLS)http://pul/publisher/53774